<?xml version="1.0" encoding="UTF-8"?>
<collection xmlns="http://www.loc.gov/MARC21/slim">
 <record>
  <leader>00926pamaa2200277   4500</leader>
  <controlfield tag="001">0000048048</controlfield>
  <controlfield tag="005">20130815090000.0</controlfield>
  <controlfield tag="008">101008</controlfield>
  <datafield tag="020" ind1="0" ind2="0">
   <subfield code="a">7800899985 </subfield>
  </datafield>
  <datafield tag="090" ind1="0" ind2="0">
   <subfield code="a">R127.1 </subfield>
   <subfield code="b">XIY 1999</subfield>
  </datafield>
  <datafield tag="100" ind1="1" ind2="0">
   <subfield code="a">Xiyong </subfield>
  </datafield>
  <datafield tag="240" ind1="0" ind2="0">
   <subfield code="a">Miao Xiyong Yi Xue Quan Shu</subfield>
  </datafield>
  <datafield tag="245" ind1="1" ind2="0">
   <subfield code="a">Miao Xiyong the canon of medicine = </subfield>
   <subfield code="l">Miao Xiyong Yi Xue Quan Shu  </subfield>
   <subfield code="c">Miao Xiyong; </subfield>
   <subfield code="f">edited by Ren Chunrong; </subfield>
   <subfield code="f">edited by Ren Chunrong; </subfield>
   <subfield code="f">compiled by Zhao Mingjun.</subfield>
  </datafield>
  <datafield tag="250" ind1="0" ind2="0">
   <subfield code="a">3rd ed.</subfield>
  </datafield>
  <datafield tag="260" ind1="0" ind2="0">
   <subfield code="a">Beijing, China: </subfield>
   <subfield code="b">China Press of Traditional Chinese Medicine, </subfield>
   <subfield code="c">1999.</subfield>
  </datafield>
  <datafield tag="300" ind1=" " ind2=" ">
   <subfield code="a">780p.: </subfield>
   <subfield code="b">ill.; </subfield>
   <subfield code="c">26 cm.</subfield>
  </datafield>
  <datafield tag="500" ind1="0" ind2="0">
   <subfield code="a">In Chinese</subfield>
  </datafield>
  <datafield tag="501" ind1="0" ind2="0">
   <subfield code="a">FMHS</subfield>
  </datafield>
  <datafield tag="504" ind1="0" ind2="0">
   <subfield code="a">Includes bibliographical references and index</subfield>
  </datafield>
  <datafield tag="650" ind1="0" ind2="0">
   <subfield code="a">Su wen </subfield>
  </datafield>
  <datafield tag="650" ind1="0" ind2="0">
   <subfield code="a">Medicine, Chinese -- </subfield>
   <subfield code="x">Early works to 1800 </subfield>
  </datafield>
  <datafield tag="650" ind1="0" ind2="0">
   <subfield code="a">Traditional Chinese Medicine </subfield>
  </datafield>
  <datafield tag="650" ind1="0" ind2="0">
   <subfield code="a">Chinese Medicine </subfield>
  </datafield>
  <datafield tag="700" ind1="1" ind2="1">
   <subfield code="a">Chunrong, </subfield>
   <subfield code="h">Ren </subfield>
  </datafield>
  <datafield tag="700" ind1="1" ind2="1">
   <subfield code="a">Mingjun, </subfield>
   <subfield code="h">Zhao </subfield>
  </datafield>
  <datafield tag="901" ind1=" " ind2=" ">
   <subfield code="u">www.cptcm.com</subfield>
  </datafield>
 </record>
</collection>
